Statistics for Most And Least Guessed Island Countries

Click here to take the quiz!

General Stats

  • This quiz has been taken 32 times
  • The average score is 13 of 16

Answer Stats

Percentage GuessedAnswer% Correct
87%Ireland
97%
77%Cuba
94%
87%Iceland
94%
92%Japan
94%
82%New Zealand
90%
24%Nauru
87%
25%Palau
87%
25%Saint Vincent and the Grenadines
87%
60%Haiti
84%
25%Kiribati
84%
27%Vanuatu
84%
23%São Tomé and Príncipe
81%
24%Comoros
77%
74%Indonesia
77%
25%Grenada
71%
66%Phillipines
23%

Score Distribution

Percentile by Number Answered

Percent of People with Each Score

Your Score History

You have not taken this quiz